A Portfolio of Irish lesisure products.
| Format: | Book |
|---|---|
| Published: |
Dublin:
Irish Trade Export Board,
[199-].
|
| Subjects: |
| LEADER | 00439cam a2200157 7i4500 | ||
|---|---|---|---|
| 001 | 0000003808 | ||
| 005 | 19991025090000.0 | ||
| 002 | ##000005205 | ||
| 020 | 0 | 0 | |a T000004605 |
| 090 | 0 | 0 | |a IRLD 658.575 |b POR |
| 245 | 0 | 0 | |a A Portfolio of Irish lesisure products. |
| 260 | 0 | 0 | |a Dublin: |b Irish Trade Export Board, |c [199-]. |
| 300 | 0 | 0 | |a 63 p.. |
| 650 | 0 | 0 | |a Leisure industry |
| 651 | 0 | 0 | |a Ireland |
| 999 | |a 0000005733 |b Book |c Open shelf |e Business Information Centre | ||